000 00561nam a2200217Ia 4500
003 OSt
005 20220926040520.0
006 a|||||r|||| 00| 0
007 ta
008 220923b |||||||| |||| 00| 0 eng d
037 _cGeneral Book
040 _aRTL
_cRTL
_beng
041 _2eng
_aeng
082 _aX:9.2z7, K5
100 _aRaman Rao A V
_9242432
245 0 _aEssays on Indian labour
260 _c1965
650 _aLabour Economics-India
_9230171
942 _hX:9.2z7, K5
_cGB
_2CC
999 _c665020
_d665020